Τα συντάγματα Βελγίου, Γαλλίας, Γερμανίας, Γιουγκοσλαβίας, Δανίας, Ιταλίας, Νορβηγίας, Ολλανδίας, Πολωνίας, Ρουμανίας, Σουηδίας, Τουρκίας, Τσεχοσλοβακίας : Κείμενα

Αποθηκεύτηκε σε:
Λεπτομέρειες βιβλιογραφικής εγγραφής
Άλλοι συγγραφείς: Κυριακόπουλος, Ηλίας Γ. (Επιμελητής έκδοσης)
Μορφή: Βιβλίο
Γλώσσα:Greek
Δημοσίευση: Θεσσαλονίκη : [χ.ό.], 1968
Σειρά:Δημοσιεύματα δημοσίου δικαίου ; ; 2
Θέματα:
Ετικέτες: Προσθήκη ετικέτας
Δεν υπάρχουν, Καταχωρήστε ετικέτα πρώτοι!

MARC

LEADER 00000cam a2200000 i 4500
001 1/42788
008 070327s1968 gre d
035 |l 10087437 
040 |a GR-MY-UA  |b gre  |e aacr 
041 0 |a gre 
082 0 |a 342  |2 (22) 
245 1 3 |a Τα συντάγματα Βελγίου, Γαλλίας, Γερμανίας, Γιουγκοσλαβίας, Δανίας, Ιταλίας, Νορβηγίας, Ολλανδίας, Πολωνίας, Ρουμανίας, Σουηδίας, Τουρκίας, Τσεχοσλοβακίας :  |b Κείμενα /  |c επιμέλεια Ηλ. Γ. Κυριακόπουλου 
260 |a Θεσσαλονίκη :   |b [χ.ό.],   |c 1968 
300 |a 437 σ.;  |c 21 εκ. 
490 1 |a Δημοσιεύματα δημοσίου δικαίου  |v ; 2 
504 |a Περιλαμβάνει ευρετήριο 
650 0 0 |a Constitutional law. 
650 0 0 |a Constitutions. 
700 1 |a Κυριακόπουλος, Ηλίας Γ.  |4 edt 
830 0 |a Δημοσιεύματα δημοσίου δικαίου ;  |v ; 2 
852 |a INST  |b CHIOS  |e 20070327  |h 342 ΣΥΝ  |p 005200029012  |q 005200029012  |t BK  |y 0 
901 |a BIBL2-2007-1 
909 |a Χ  |b 130969 
970 |a ΒΑΣΙΛΑΚΗ  |b ΝΙΚΗ  |z 2007/03/27